Islam: (Record no. 196816)

MARC details
000 -LEADER
fixed length control field 00591nam a22001937a 4500
005 - DATE AND TIME OF LATEST TRANSACTION
control field 20231206112309.0
010 ## - LCCN (DPL NO)
LC control number ENG-137643
020 ## - INTERNATIONAL STANDARD BOOK NUMBER
International Standard Book Number 8180880842
Terms of availability 90.00
035 ## - SYSTEM CONTROL NUMBER
System control number EN-121175
037 ## - SOURCE OF ACQUISITION
Source of stock number/acquisition DBAD/PUB
082 ## - DEWEY DECIMAL CLASSIFICATION NUMBER
Classification number 270
100 ## - MAIN ENTRY--PERSONAL NAME
Personal name Qutb Muhammad
245 ## - TITLE STATEMENT
Title Islam:
Remainder of title The Misunderstood Religion/
Statement of responsibility, etc By Muhammad Qutb
250 ## - EDITION STATEMENT
Edition statement
260 ## - PUBLICATION, DISTRIBUTION, ETC. (IMPRINT)
Place of publication, distribution, etc New Delhi
Name of publisher, distributor, etc Markazi Maktaba Islami Pubishers
Date of publication, distribution, etc 2016
270 ## - ADDRESS
Address D- 307, Dawat Nagar, Abul Fazl Enclave, Jamia Nagar, Okhla
City New Delhi
Postal code 110025
300 ## - PHYSICAL DESCRIPTION
Extent 269p.
Dimensions 21cm(pbk)
942 ## - ADDED ENTRY ELEMENTS (KOHA)
Source of classification or shelving scheme Dewey Decimal Classification
Item type English Books
Classification part 270
Call number prefix QUT
Holdings
Withdrawn status Lost status Not for loan Collection code Home library Current library Date acquired Source of acquisition Cost, normal purchase price Full call number Barcode Copy number Cost, replacement price Koha item type
      Non-fiction Vinoba Puri Vinoba Puri 31/07/2023 DBAD/PUB 90.00 270 QUT EN-121175 1 90.00 English Books

© Delhi Public Library
Hit Counter
free hit counter